Les pluriels des noms propres - Statistiques

Statistiques générales
  • Ce quiz a été pris 57 fois
  • Le résultat moyen est 15 sur 30
Statistiques - réponses
Question Réponse % Correct
Les *** ont longtemps régné sur la France Bourbons
100%
Les deux *** ont bien du mal à s'entendre Corées
75%
Il a joue dans deux *** de Bergerac Cyrano
75%
Les *** se prénommaient Edmond et Jules Goncourt
75%
Il existait trois *** en Amérique Guyanes
75%
Mes grands-pères sont deux *** harpagons
75%
Dans le portemonnaie de mon ancêtre, on a trouvé dix *** napoléons
75%
Au musée nous avons pu voir plusieurs *** Picasso
75%
Les trois ***, grand-père, père et petit-fils sont venus Pierre
75%
Le soir, je dois sortir les *** pour ma voisine poubelles
75%
Les *** sont nombreux en Afrique-du-Sud Zoulous
75%
J'ai lu tous les *** *** Arsène Lupin
50%
J'avais dans ma classe deux *** Bonaparte
50%
Tous les physiciens rêvent de devenir des *** Curie
50%
J'ai rangé ma collection de vieux *** Figaro
50%
Les trois *** ont pris part à une guerre fratricide Horaces
50%
Nous devons aller à la piscine avec les *** Martin
50%
J'ai beaucoup lu sur les trois *** Napoléon
50%
Les *** sont originaires de Normandie, le plus célèbre d'entre-eux est Eugène. Poubelle
50%
La dernière dynastie en Russie est celle des *** Romanov
50%
Les *** ont régné sur l'Ecosse et l'Angleterre Stuarts
50%
Donatello a sculpté deux *** Davids
25%
Des *** ? Il n'y en a pas un par siècle ! Molière
25%
En France, il existe des paroisses *** Saint-Martin
25%
Roger Martin du Gard a écrit les *** Thibault
25%
Ces statues d'*** sont en marbre blanc Apollons
0%
Les *** ont fait parler d'eux pendant la Renaissance Borgia
0%
Même à l'Académie, les *** ne sont pas légion cicérons
0%
Selon cet essai, il existe aujourd'hui deux *** France
0%
J'ai assisté à la remise des *** du théâtre molières
0%
Aucun quiz correspondant
Distribution des résultats
% des personnes avec chaque résultat
Percentile par nombre de réponses
Votre historique - résultats
Vous n’avez pas pris ce quiz